Günther Behnisch /

Guardado en:
Detalles Bibliográficos
Autor principal: Jones, Peter Blundell (Autor)
Formato: Libro
Lenguaje:alemán
inglés
Publicado: Basel : Birkhäuser, 2000
Edición:1. vydanie
Materias:
Etiquetas: Agregar Etiqueta
Sin Etiquetas, Sea el primero en etiquetar este registro!

MARC

LEADER 00000nam a22000003a 4500
001 0032021
003 SK-STU
005 20190325170527.2
007 ta
008 180327s ----xo-----e------000-0-----d
020 |a 3-7643-6046-1 
040 |a STU  |b slo 
041 0 |a ger  |a eng 
044 |a sz 
100 1 |a Jones, Peter Blundell  |4 aut 
245 1 0 |a Günther Behnisch /  |c aut. Peter Blundell Jones 
250 |a 1. vydanie 
260 |a Basel :  |b Birkhäuser,  |c 2000 
300 |a 203 s. 
650 0 7 |a architektonické dielo 
650 0 7 |a školské stavby 
650 0 7 |a športové haly 
650 0 7 |a športové štadióny 
650 0 7 |a sociálne bývanie 
650 0 7 |a škôlky 
650 0 7 |a budovy pre kultúru a voľný čas 
650 0 7 |a priemyselné budovy 
650 0 7 |a administratívne budovy 
650 0 7 |a architektúra parlamentu 
650 0 7 |a dopravné stavby 
996 |b 284AU07309  |c A* 10557/U  |l AAKNAR  |s A  |a 24  |w 0032021_0001